Mozilge new TOEIC : Actual tests. Part 1, 2 /

Сохранить в:
Библиографические подробности
Главный автор: Jin, Lee Sang
Формат:
Язык:Vietnamese
Опубликовано: TH.HCM 2009
Метки: Добавить метку
Нет меток, Требуется 1-ая метка записи!
Thư viện lưu trữ: Mạng thư viện Đại học Đà Nẵng
LEADER 00644nam a2200265 4500
001 000027576
003 JI-L09
005 20150403120000.0
008 150403s vm 000 vie
020 |c 0,0000 
040 |a notts 
100 |a Jin, Lee Sang 
245 |a Mozilge new TOEIC : Actual tests. Part 1, 2 /  |c Lee Sang Jin, Kim Tae Woo, Jeon Hee Jung. 
260 |b TH.HCM  |c 2009 
OWN |a LTT 
999 |a From the UDN01 
TYP |a Monograph 
TYP |a Printed language 
980 |a Mạng thư viện Đại học Đà Nẵng